| 000 | 01269cam a2200229 4500 | ||
|---|---|---|---|
| 001 | ##L131645 | ||
| 002 | ##9197 | ||
| 008 | 051124n2005 000 0 eng u | ||
| 020 | _a1903202442 | ||
| 035 | _a(Sirsi) u131645 | ||
| 041 | 0 | _aeng | |
| 050 | 0 | 4 | _a331.2166 $2 18 |
| 110 | 2 |
_aMirza and Nacey Research _91403 |
|
| 245 | 0 | 0 |
_aQuantity surveyors fees _ba survey of the fees charged by professional quantity surveying practices |
| 250 | _a2006 ed. | ||
| 260 |
_aArundel _bMirza and Nacey Research Ltd _c2005 |
||
| 300 |
_a45p _bgraphs, tables _c30cm. |
||
| 350 | _a135.00 | ||
| 520 | _aThe information in this publication is based on a survey of professional quantity surveying practices undertaken over the 24 month period to July 2005. Divided into four sections, section one examines the survey background and includes methodology and respondent profile. Section two discusses quantity surveyors charge-out rates, with section three discussing fees including contractual and regional variations and the trend in fees from 1999 to 2005. Section four contains detailed analysis of the fees data including private housing, leisure, offices, industrial, retail and public and community projects. | ||
| 690 | _aMANAGEMENT-BUSINESS MANAGEMENT-FEES | ||
| 942 | _n0 | ||
| 999 |
_c104797 _d104797 |
||